| 000 | 01849nam a2200313 i 4500 | ||
|---|---|---|---|
| 003 | DO-SdBNP | ||
| 005 | 20260321073646.0 | ||
| 006 | a||||gr|||| 00| 0 | ||
| 007 | ta | ||
| 008 | 240513t2023 dr ||||| |||| 00| e spa d | ||
| 020 | _a9789945629323 | ||
| 040 |
_aDO-SdBNP _bspa _cBNPHU _erda |
||
| 082 | 4 |
_222 _bV496c |
|
| 245 |
_aDel Cibao real al Cibao de Bosch: _bensayo crítico / _cPedro Vergés. |
||
| 264 | 4 |
_aSanto Domingo : _bBanco Central de la República Dominicana, _c©2023 |
|
| 300 |
_a488 páginas ; _c23 cm. |
||
| 336 |
_atexto _btxt _2rdacontent |
||
| 337 |
_asin mediación _bn _2rdamedia |
||
| 338 |
_avolumen _bnc _2rdacarrier |
||
| 490 |
_aArte y Literatura ; _v306 |
||
| 500 | _aIncluye datos biográficos del autor en las solapas de las cubiertas. | ||
| 500 | _aIncluye índice Onomástico. | ||
| 504 | _aBibliografía: páginas 459 - 468 | ||
| 505 |
_aIntroducción. _gPrimera Parte. _tI. Dos precisiones necesarias.-- _gSegunda Parte. _tI.- Entre el Cibao real y el Cibao de Bosch.-- II. La visión sociocultural. Entre la autonomía y la paráfrasis.-- III. El Cibao de Bosch y los poderes que lo asedian. VI. La visión relúrica. _gTercera Parte. _tI. El mismo Cibao de los cuentos, ahora en una novela.-- II. Bajo la sombra del cuentista. III. Consideraciones generales derivadas de lo dicho hasta ahora de La Mañosa. _gCuarta Parte. _tI. Segundo conjunto. Los otros cuentos y la otra novela.-- II. Primero los cuentos.-- III. El Oro y la Paz, la segunda novela, el sexto y último apartado de la clasificación. _tConclusiones.-- _tBibliografía.-- _tÍndice onomástico.-- _tColección del Banco Central de la República Dominicana. |
||
| 590 | _aInventariado 2024 / MF | ||
| 600 | 1 | 0 |
_a Bosch, Juan, _d1909-2001 _976555 |
| 830 |
_aBanco Central de la República Dominicana ; _lspa _nvolumen 115 _985445 |
||
| 942 |
_2ddc _cLBS1 |
||
| 999 |
_c56641 _d56641 |
||